| 000 | 00434nam a2200169Ia 4500 | ||
|---|---|---|---|
| 001 | 35636 | ||
| 003 | Ost | ||
| 005 | 20260507160531.0 | ||
| 008 | 251113s9999||||xx |||||||||||||| ||eng|| | ||
| 040 | _cnitttr | ||
| 041 | _aeng | ||
| 082 |
_aTS183 _bC483 2013eb |
||
| 100 | _aChen, Yufeng. | ||
| 245 | 0 |
_aOptimal Supervisory Control of Automated Manufacturing Systems / _cChen, Yufeng., Li, ZhiWu |
|
| 700 | _a Li, ZhiWu | ||
| 942 | _cBK | ||
| 999 |
_c33132 _d33132 |
||